[Event "South Wales Autumn op"]
[Site "Cardiff"]
[Date "2022.10.15"]
[Round "3"]
[White "Hatchett, Paul"]
[Black "Gibbs, Dominic V"]
[Result "1/2-1/2"]
[WhiteElo "1971"]
[BlackElo "1845"]
[PlyCount "46"]
[EventDate "2022.10.15"]
[EventType "swiss"]
[EventRounds "5"]
[EventCountry "WLS"]
[SourceTitle "EXT 2024"]
[Source "ChessBase"]
[SourceDate "2023.10.10"]
[SourceVersion "1"]
[SourceVersionDate "2023.10.10"]
[SourceQuality "1"]

1. e4 c5 2. Nf3 e6 3. c3 d5 4. exd5 exd5 5. d4 Bd6 6. Bd3 Ne7 7. dxc5 Bxc5 8. 0-0 0-0 9. Nbd2 Nbc6 10. Nb3 Bb6 11. h3 Bf5 12. Bf4 Qd7 13. Bxf5 Qxf5 14. Qd2 Ng6 15. Bg3 Rfe8 16. Rfe1 h6 17. Rad1 Rxe1+ 18. Nxe1 Rd8 19. Nc2 Qf6 20. Nbd4 Nge7 21. Qf4 Qxf4 22. Bxf4 Nxd4 23. Nxd4 Nc6 1/2-1/2

[Event "Berks & Bucks op"]
[Site "Maidenhead"]
[Date "2022.08.29"]
[Round "6"]
[White "Shepley, Julien M"]
[Black "Gibbs, Dominic V"]
[Result "1-0"]
[WhiteElo "1857"]
[BlackElo "1865"]
[PlyCount "61"]
[EventDate "2022.08.27"]
[EventType "swiss"]
[EventRounds "6"]
[EventCountry "ENG"]
[SourceTitle "CBM 210 Extra"]
[Source "ChessBase"]
[SourceDate "2022.11.30"]
[SourceVersion "1"]
[SourceVersionDate "2022.11.30"]
[SourceQuality "1"]

1. e4 e6 2. d4 d5 3. e5 c5 4. Nf3 Nc6 5. c3 Bd7 6. Be2 f6 7. 0-0 fxe5 8. dxe5 Qc7 9. Bf4 Nge7 10. Bd3 h6 11. h3 0-0-0 12. Re1 g5 13. Bh2 Bg7 14. Nbd2 Rdf8 15. c4 d4 16. a3 Nf5 17. b4 Nh4 18. bxc5 Nxf3+ 19. Nxf3 h5 20. Be4 g4 21. Nxd4 Bxe5 22. Bxe5 Nxe5 23. Rb1 Nc6 24. Bxc6 bxc6 25. Nxe6 Bxe6 26. Rxe6 Re8 27. Rxe8+ Rxe8 28. hxg4 Rd8 29. Qf3 h4 30. Qf5+ Qd7 31. Rd1 1-0

[Event "South Wales op 17th"]
[Site "Bridgend"]
[Date "2022.07.10"]
[Round "6"]
[White "Gibbs, Dominic V"]
[Black "Fathallah, Joe"]
[Result "1/2-1/2"]
[WhiteElo "1873"]
[BlackElo "1912"]
[PlyCount "136"]
[EventDate "2022.07.07"]
[EventType "swiss"]
[EventRounds "9"]
[EventCountry "WLS"]
[SourceTitle "CBM 209 Extra"]
[Source "ChessBase"]
[SourceDate "2022.09.30"]
[SourceVersion "1"]
[SourceVersionDate "2022.09.30"]
[SourceQuality "1"]

1. e4 e6 2. d3 d5 3. Nd2 Nf6 4. Ngf3 c5 5. g3 Nc6 6. Bg2 Be7 7. 0-0 0-0 8. Re1 a5 9. a4 Ra6 10. c3 Qc7 11. e5 Nd7 12. Qe2 f6 13. exf6 Nxf6 14. Nb1 Bd7 15. Bh3 e5 16. Bg2 e4 17. dxe4 Nxe4 18. Nbd2 Bf5 19. Nxe4 Bxe4 20. Ng5 Ne5 21. Bxe4 dxe4 22. Qxe4 Bxg5 23. Qxe5 Qf7 24. Be3 Bxe3 25. Qxe3 Rf6 26. Re2 b6 27. Rf1 Qb3 28. Qe4 Qf7 29. Kg2 Qh5 30. Rd2 Kh8 31. Rd5 Qf7 32. f4 Re6 33. Qd3 Qe8 34. b3 Qc6 35. c4 Rfe8 36. Rf2 Re3 37. Qc2 Re1 38. Rfd2 Qf6 39. Rf2 Qa1 40. Qb2 Qxb2 41. Rxb2 Kg8 42. Rd6 R8e6 43. Rbd2 Kf7 44. Rxe6 Kxe6 45. Rd3 Re2+ 46. Kh3 h5 47. Kh4 Rxh2+ 48. Kg5 Rh3 49. Re3+ Kf7 50. Rd3 Ke6 51. f5+ Ke5 52. Re3+ Kd4 53. Kf4 Rh1 54. Re6 Rf1+ 55. Kg5 Rf3 56. Rxb6 Rxg3+ 57. Kxh5 Ke5 58. Kh4 Rf3 59. Rc6 Kxf5 60. Rxc5+ Ke4 61. Rb5 Rc3 62. Kh5 Rh3+ 63. Kg4 Rc3 64. Rb7 Ke5 65. Rxg7 Rxb3 66. Rg5+ Kd4 67. Rxa5 Kxc4 68. Ra8 Ra3 1/2-1/2

[Event "South Wales op 17th"]
[Site "Bridgend"]
[Date "2022.07.09"]
[Round "4"]
[White "Gibbs, Dominic V"]
[Black "Thomas, Roy"]
[Result "1-0"]
[WhiteElo "1873"]
[BlackElo "1673"]
[PlyCount "93"]
[EventDate "2022.07.07"]
[EventType "swiss"]
[EventRounds "9"]
[EventCountry "WLS"]
[SourceTitle "CBM 209 Extra"]
[Source "ChessBase"]
[SourceDate "2022.09.30"]
[SourceVersion "1"]
[SourceVersionDate "2022.09.30"]
[SourceQuality "1"]

1. e4 c5 2. c3 Nf6 3. e5 Nd5 4. Nf3 g6 5. Bc4 Nb6 6. Bb3 Bg7 7. d4 cxd4 8. cxd4 0-0 9. 0-0 d6 10. Bf4 Nc6 11. h3 Na5 12. exd6 Nxb3 13. dxe7 Qxe7 14. axb3 Be6 15. Nc3 Rfd8 16. Bg5 f6 17. Be3 Qf7 18. Ra3 Bf8 19. Ra1 Bxb3 20. Qc1 a6 21. Nd2 Be6 22. Nde4 Rac8 23. Re1 Bb4 24. Bg5 Nd5 25. Bxf6 Nxc3 26. bxc3 Bxc3 27. Bxd8 Bxe1 28. Qxe1 Rxd8 29. Ng5 Qd7 30. Qxe6+ Qxe6 31. Nxe6 Rd6 32. Nc5 b5 33. Nxa6 Rxd4 34. Rb1 Ra4 35. Nc5 Ra5 36. Rb4 Kf7 37. Nb3 Ra2 38. Rxb5 Rb2 39. Nd4 Rd2 40. Rb7+ Kf6 41. Rb6+ Kg7 42. Nf3 Rd1+ 43. Kh2 Ra1 44. g3 Ra2 45. Kg2 Kh6 46. h4 Ra4 47. Rb7 1-0

[Event "South Wales op 17th"]
[Site "Bridgend"]
[Date "2022.07.07"]
[Round "1"]
[White "Camacho Collados, Jose"]
[Black "Gibbs, Dominic V"]
[Result "1-0"]
[WhiteElo "2410"]
[BlackElo "1873"]
[PlyCount "79"]
[EventDate "2022.07.07"]
[EventType "swiss"]
[EventRounds "9"]
[EventCountry "WLS"]
[SourceTitle "CBM 209 Extra"]
[Source "ChessBase"]
[SourceDate "2022.09.30"]
[SourceVersion "1"]
[SourceVersionDate "2022.09.30"]
[SourceQuality "1"]

1. Nf3 d6 2. d4 f5 3. Nc3 Nf6 4. Bg5 Nbd7 5. Qd3 e6 6. e4 fxe4 7. Nxe4 Be7 8. h4 Nxe4 9. Qxe4 Nf6 10. Qd3 Bd7 11. 0-0-0 c6 12. Kb1 Qc7 13. Be2 0-0-0 14. Bf4 Rdf8 15. Qa3 Ne4 16. Be3 b6 17. Rhe1 Kb8 18. Bd3 Nf6 19. Bc1 Nd5 20. c4 Nf4 21. Bf1 Ng6 22. g3 Re8 23. h5 Nf8 24. Ka1 Rg8 25. Bd3 g5 26. hxg6 Nxg6 27. Rh1 h5 28. Rxh5 e5 29. Rh7 Bg4 30. Be2 d5 31. Qc3 e4 32. Ng1 Be6 33. Bh5 Ka8 34. Ne2 Qd8 35. Nf4 Bf5 36. cxd5 Qd6 37. Nxg6 Bxg6 38. Rh6 cxd5 39. Bf4 Qe6 40. Bg4 1-0